Normal view
MARC view
- Castillo Castro, Belem
Entry Nombre Personal
001 - NUMERO DE CONTROL
- campo de control: 54496
003 - IDENTIFICADOR DE NUMERO DE CONTROL
- campo de control: MX-MxUPN
005 - FECHA Y HORA DE LA ÜLTIMA TRANSACCIÓN
- campo de control: 20241106091755.0
008 - DATOS DE LONGITUD FIJA
- campo de control de longitud fija: 241106|| acn||aabn | aaa d
040 ## - FUENTE DE CATALOGACIÓN
- Agencia original de catalogación: MX-MxUPN
- Lenguaje de catalogación: spa
- Agencia de transcripción: MX-MxUPN
100 1# - ENCABEZAMIENTO - NOMBRE PERSONAL
- Nombre personal: Castillo Castro, Belem
371 ## - DIRECCIÓN
- Electronic mail address: belem.castillo@ujat.mx
372 ## - CAMPO DE ACTIVIDAD
- Field of activity: Psicología
- Field of activity: Educación
373 ## - GRUPO ASOCIADO
- Fuente del término: naf
- Associated group: Universidad Veracruzana
- Associated group: Universidad Juárez Autónoma de Tabasco
- Associated group: Universidad Olmeca
- Associated group: Instituto Mexicano del Seguro Social
373 ## - GRUPO ASOCIADO
- Associated group: Instituto de Estudios Universitarios
374 ## - OCUPACIÓN
- Occupation: Psicóloga
- Occupation: Profesora universitaria
670 ## - FUENTE EN LA QUE SE LOCALIZARON DATOS
- Cita de la fuente: La intervención en la práctica docente y en la gestión educativa, 2021 :
- Información localizada: portada (Belem Castillo Castro) página 240 (Estudió la Licenciatura en Psicología en la Universidad Veracruzana; la Maestría en Ciencias de la Educación en el Instituto de Estudios Universitarios; la Especialidad en Docencia y la Maestría en Educación en la Universidad Juárez Autónoma de Tabasco y el Doctorado en Educación en el Centro de Estudios Superiores en Educación en convenio con la Universidad Olmeca. Entre los cargos que ha ocupado son como Coordinadora de capacitación I.M.S.S. personal. (belem.castillo@ujat.mx))
902 ## - CATALOGADOR
- Catalogador: MaríaRobles/061124
